00470nam a2200169Ia 4500008004100000040001900041041001200060082002800072100001900100245002400119260002700143300002500170504004000195650002500235651001900260850002100279131103s9999 xx 000 0 und d aLoreto College aEnglish a821.7/E107bLCBkB/38202 aGlover, A.S.B. aByroncA.S.B.Glover aEnglandbPenguinc1954 axvii,365p. c 22 cm. aIncludes bibligraphical references  aByron, George Gordon aEnglish Poetry aLCBkB/821.7/E107